Integración de equipo al modulo de mantenimiento en sistemas SAP R/3. / Fortino S nchez Medrano (Registro nro. 24844)
[ vista simple ]
| 000 -LÍDER | |
|---|---|
| fixed length control field | 00460nam a2200121 4500 |
| 050 ## - SIGNATURA TOPOGRAFICA DE LA BIBLIOTECA DEL CONGRESO (LC) | |
| Número de Clasificación | T56.42 MR5 S3 2009 |
| 082 ## - NUMERO DE CLASIFICACION DECIMAL DEWEY | |
| Número de Clasificación | 658.202 S3i |
| 100 ## - ASIENTO PRINCIPAL--NOMBRE PERSONAL | |
| Nombre personal | S nchez Medrano, Fortino |
| 245 ## - TÍTULO | |
| Título | Integración de equipo al modulo de mantenimiento en sistemas SAP R/3. / Fortino S nchez Medrano |
| 300 ## - DESCRIPCIÓN FÍSICA | |
| Extensión | 81 p. / 30 cm. |
| 502 ## - NOTA DE TESIS | |
| Nota de tesis | Memoria de residencia profesional. Opción x. I.T.Z. (Industrial) Ing. Pedro Zuñiga Acevedo |
| 650 ## - ASIENTO SECUNDARIO DE MATERIA - TERMINO TEMÁTICO | |
| Término temático o nombre geográfico como elemento de entrada | 1. MANTENIMIENTO INDUSTRIAL |
| No. biblioteca | No. biblioteca | Número de clasificación | Código de barras/Número de adquisición | Número de copia | Tipo de material |
|---|---|---|---|---|---|
| LUIS G. INCLAN | LUIS G. INCLAN | 658.202 S3i | I207-2009 | 1 | Libros |
